Emojis-Pays - Statistiques

Statistiques générales
  • Ce quiz a été pris 592 fois
  • Le résultat moyen est 11 sur 15
Statistiques - réponses
Hint Réponse % Correct
🥐 🥖 🍷 France
98%
💂🏼‍♂️ 🍳 🥓 Royaume-Uni
98%
🏄 🦘 🕷 Australie
96%
🏒 🐻 🍁 Canada
96%
🥠 🍚 🪭 Chine
95%
🏉 🌭 🚕 Etats-Unis
95%
🪇 🌮 🦩 Mexique
94%
🍕 🍦 🎭 Italie
93%
🍺 🥨 🚗 Allemagne
92%
🍟 🧇 👑 Belgique
79%
🌷 🚲 🌿 Pays Bas
77%
🐫 🕋 🗡 Arabie Saoudite
71%
💣 💰 ⭐️ Israël
24%
🌶 ☀️ 🦂 Tunisie
21%
🍵 🧋 🌸 Taïwan
14%
Aucun quiz correspondant
Distribution des résultats
% des personnes avec chaque résultat
Percentile par nombre de réponses
Votre historique - résultats
Vous n’avez pas pris ce quiz